[Event "Croacia ch 2008"]
[Site "Split CRO"]
[Date "2008.01.21"]
[Round "6.3"]
[White "Palac, Mladen"]
[Black "Kurajica, Bojan"]
[Result "1/2-1/2"]
[WhiteElo "2575"]
[BlackElo "2556"]
[PlyCount "92"]
[EventDate "2008.01.16"]
[EventType "tourn"]
[EventRounds "13"]
[EventCountry "CRO"]
[EventCategory "12"]
[Source "lmi"]
[SourceDate "2008.01.16"]

1. e4 e5 2. Nf3 Nf6 3. d4 Nxe4 4. Bd3 d5 5. Nxe5 Nd7 6. Nxd7 Bxd7 7. O-O Qh4 8.
c4 O-O-O 9. c5 g6 10. Nc3 Bg7 11. g3 Qg4 12. c6 Bf5 13. Be2 Nxc3 14. cxb7+ Kb8
15. bxc3 Qe4 16. Bf4 Rhe8 17. Bb5 Re6 18. Re1 Qxe1+ 19. Qxe1 Rxe1+ 20. Rxe1 Bf6
21. Bc6 g5 22. Bxg5 Bxg5 23. Re5 Bg6 24. Rxg5 Rd6 25. Bxd5 f6 26. Rxg6 hxg6 27.
Bb3 Kxb7 28. h4 Kb6 29. Kg2 c5 30. dxc5+ Kxc5 31. g4 Rd7 32. Bc2 Rd2 33. Bxg6
Rxa2 34. h5 Rb2 35. h6 a5 36. Bf7 Rb8 37. f4 Kd6 38. Kg3 a4 39. Kh4 Ke7 40. Bd5
Rd8 41. Bc4 Rc8 42. Ba2 Kf8 43. g5 fxg5+ 44. fxg5 Rxc3 45. g6 Rc7 46. Kg5 a3
1/2-1/2

[Event "Croacia ch 2008"]
[Site "Split CRO"]
[Date "2008.01.21"]
[Round "6.4"]
[White "Brkic, Ante"]
[Black "Dizdar, Goran"]
[Result "0-1"]
[WhiteElo "2558"]
[BlackElo "2564"]
[PlyCount "102"]
[EventDate "2008.01.16"]
[EventType "tourn"]
[EventRounds "13"]
[EventCountry "CRO"]
[EventCategory "12"]
[Source "lmi"]
[SourceDate "2008.01.16"]

1. e4 e6 2. d4 d5 3. Nc3 Nf6 4. e5 Nfd7 5. f4 c5 6. Nf3 Nc6 7. Be3 Be7 8. Qd2
O-O 9. Be2 a6 10. O-O b5 11. Kh1 b4 12. Na4 cxd4 13. Nxd4 Nxd4 14. Bxd4 a5 15.
b3 Qc7 16. Qe3 Ba6 17. Bd3 Qc6 18. Qh3 Bxd3 19. cxd3 Rac8 20. Rae1 Qa6 21. Re2
Nc5 22. Bxc5 Bxc5 23. g4 Bd4 24. f5 Rc6 25. Qf3 f6 26. fxe6 Rxe6 27. Qxd5 Qa8
28. Qxa8 Rxa8 29. Rf4 Rxe5 30. Rfe4 Rc8 31. Kg2 Rc1 32. Nb2 Rxe4 33. dxe4 Rg1+
34. Kf3 Rf1+ 35. Kg2 Rg1+ 36. Kf3 Rf1+ 37. Kg2 Rf4 38. Nc4 Rxg4+ 39. Kf3 Rg5
40. Rd2 Be5 41. Nxa5 Bxh2 42. Nc6 Rg3+ 43. Kf2 h5 44. Nxb4 h4 45. Rd1 h3 46.
Nd5 Rg2+ 47. Kf3 Bg1 48. Ne7+ Kf7 49. Nf5 Rf2+ 50. Kg4 h2 51. Rd7+ Ke8 0-1

[Event "Croacia ch 2008"]
[Site "Split CRO"]
[Date "2008.01.21"]
[Round "6.6"]
[White "Zelcic, Robert"]
[Black "Stevic, Hrvoje"]
[Result "0-1"]
[WhiteElo "2587"]
[BlackElo "2531"]
[PlyCount "92"]
[EventDate "2008.01.16"]
[EventType "tourn"]
[EventRounds "13"]
[EventCountry "CRO"]
[EventCategory "12"]
[Source "lmi"]
[SourceDate "2008.01.16"]

1. e4 e5 2. Nf3 Nc6 3. d4 exd4 4. Nxd4 Nf6 5. Nxc6 bxc6 6. e5 Qe7 7. Qe2 Nd5 8.
c4 Nb6 9. Nc3 Qe6 10. Qe4 g6 11. f4 d5 12. cxd5 cxd5 13. Qc2 a6 14. Be2 Be7 15.
O-O O-O 16. a4 Rb8 17. a5 Nd7 18. Qd1 d4 19. Bg4 Qc4 20. Ra4 Rb4 21. Be2 Qc5
22. Rxb4 d3+ 23. Kh1 dxe2 24. Qxe2 Qxb4 25. Nd5 Qc5 26. Rd1 Re8 27. f5 Bd8 28.
e6 fxe6 29. fxe6 Nf6 30. e7 Nxd5 31. exd8=Q Rxd8 32. Bg5 Rf8 33. Bh6 Qe7 34.
Qc4 Rf5 35. g4 Re5 36. Rf1 Be6 37. Qxa6 Nf6 38. Qa8+ Ne8 39. Qa7 Re1 40. Qf2
Rxf1+ 41. Qxf1 Nf6 42. h3 Nxg4 43. hxg4 Qh4+ 44. Kg1 Qxh6 45. Qf6 Qe3+ 46. Kh2
Qe2+ 0-1

[Event "Croacia ch 2008"]
[Site "Split CRO"]
[Date "2008.01.22"]
[Round "7.2"]
[White "Dizdar, Goran"]
[Black "Cvitan, Ognjen"]
[Result "1/2-1/2"]
[WhiteElo "2564"]
[BlackElo "2535"]
[PlyCount "23"]
[EventDate "2008.01.16"]
[EventType "tourn"]
[EventRounds "13"]
[EventCountry "CRO"]
[EventCategory "12"]
[Source "lmi"]
[SourceDate "2008.01.16"]

1. d4 Nf6 2. Nf3 g6 3. c4 Bg7 4. g3 d5 5. Bg2 dxc4 6. Na3 c3 7. bxc3 O-O 8. O-O
c5 9. e3 Nc6 10. Bb2 Bf5 11. Re1 Rc8 12. Nd2 1/2-1/2

[Event "Croacia ch 2008"]
[Site "Split CRO"]
[Date "2008.01.22"]
[Round "7.3"]
[White "Kurajica, Bojan"]
[Black "Brkic, Ante"]
[Result "1-0"]
[WhiteElo "2556"]
[BlackElo "2558"]
[PlyCount "63"]
[EventDate "2008.01.16"]
[EventType "tourn"]
[EventRounds "13"]
[EventCountry "CRO"]
[EventCategory "12"]
[Source "lmi"]
[SourceDate "2008.01.16"]

1. d4 Nf6 2. Nf3 d5 3. c4 e6 4. g3 dxc4 5. Qa4+ Nbd7 6. Bg2 a6 7. Nc3 Be7 8.
Ne5 O-O 9. Nxc4 Nd5 10. Qd1 c5 11. dxc5 Nxc3 12. bxc3 Bxc5 13. Bf4 Ra7 14. a4
b5 15. axb5 axb5 16. Rxa7 Bxa7 17. Nd6 e5 18. Bc1 Ba6 19. Ba3 Bc5 20. Nxf7 Qf6
21. Bxc5 Nxc5 22. Qd6 Qxd6 23. Nxd6 Rd8 24. Ne4 Bb7 25. Nxc5 Bxg2 26. Rg1 Ba8
27. Nd3 e4 28. Nb4 Bb7 29. Nc2 Bd5 30. Kd2 Bb3+ 31. Nd4 b4 32. Ke3 1-0

[Event "Croacia ch 2008"]
[Site "Split CRO"]
[Date "2008.01.22"]
[Round "7.5"]
[White "Jovanovic, Zoran"]
[Black "Saric, Ivan"]
[Result "1-0"]
[WhiteElo "2525"]
[BlackElo "2482"]
[PlyCount "83"]
[EventDate "2008.01.16"]
[EventType "tourn"]
[EventRounds "13"]
[EventCountry "CRO"]
[EventCategory "12"]
[Source "lmi"]
[SourceDate "2008.01.16"]

1. e4 c5 2. Nf3 Nc6 3. Bb5 g6 4. O-O Bg7 5. Bxc6 dxc6 6. d3 b6 7. a4 a5 8. Nbd2
Nf6 9. Nc4 Nd7 10. Be3 b5 11. Na3 Bxb2 12. Ra2 Bxa3 13. Rxa3 O-O 14. Qe2 e5 15.
Nd2 Qe7 16. c4 Ba6 17. axb5 cxb5 18. Rxa5 bxc4 19. dxc4 Bb7 20. Rfa1 Rxa5 21.
Rxa5 Ra8 22. Rxa8+ Bxa8 23. Qd3 Bc6 24. Nb1 Nf8 25. Nc3 Ne6 26. Nd5 Qb7 27. h3
Nd4 28. Kh2 Bxd5 29. cxd5 Kg7 30. Qd2 h5 31. Bh6+ Kh7 32. Bf8 f5 33. Qh6+ Kg8
34. Bxc5 Qg7 35. Qxg7+ Kxg7 36. Bd6 Kf6 37. f4 exf4 38. e5+ Kf7 39. e6+ Ke8 40.
Be5 Nxe6 41. dxe6 g5 42. Bd6 1-0

[Event "Croacia ch 2008"]
[Site "Split CRO"]
[Date "2008.01.22"]
[Round "7.6"]
[White "Rezan, Sasa"]
[Black "Hulak, Krunoslav"]
[Result "1-0"]
[WhiteElo "2390"]
[BlackElo "2552"]
[PlyCount "71"]
[EventDate "2008.01.16"]
[EventType "tourn"]
[EventRounds "13"]
[EventCountry "CRO"]
[EventCategory "12"]
[Source "lmi"]
[SourceDate "2008.01.16"]

1. d4 Nf6 2. c4 e6 3. Nc3 Bb4 4. e3 c5 5. Nge2 d5 6. a3 Bxc3+ 7. Nxc3 cxd4 8.
exd4 dxc4 9. Bxc4 Nc6 10. Be3 O-O 11. O-O h6 12. Rc1 Ne7 13. Qf3 Ned5 14. Qg3
Kh8 15. Nxd5 Nxd5 16. Bxd5 Qxd5 17. Rc5 Qe4 18. Bd2 b6 19. Re1 Qxe1+ 20. Bxe1
bxc5 21. dxc5 Bb7 22. Ba5 Rac8 23. Qd6 Bc6 24. h3 Rfe8 25. Bc7 Kg8 26. Qxc6 Re7
27. b4 Rexc7 28. Qa6 Rb8 29. Kf1 Rbc8 30. Ke2 Kf8 31. Kd3 Ke8 32. Kc4 Rd8 33.
b5 Rd2 34. c6 Rxf2 35. Qb7 Rf4+ 36. Kb3 1-0

[Event "Croacia ch 2008"]
[Site "Split CRO"]
[Date "2008.01.24"]
[Round "8.1"]
[White "Saric, Ivan"]
[Black "Rezan, Sasa"]
[Result "1/2-1/2"]
[WhiteElo "2482"]
[BlackElo "2390"]
[PlyCount "99"]
[EventDate "2008.01.16"]
[EventType "tourn"]
[EventRounds "13"]
[EventCountry "CRO"]
[EventCategory "12"]
[Source "lmi"]
[SourceDate "2008.01.16"]

1. e4 c5 2. Nf3 e6 3. d4 cxd4 4. Nxd4 Nf6 5. Nc3 d6 6. Be3 a6 7. g4 b5 8. g5
Nfd7 9. Qd2 Bb7 10. Bd3 Nc6 11. f4 Be7 12. h4 Nxd4 13. Bxd4 e5 14. Be3 exf4 15.
Bxf4 Ne5 16. O-O-O Rc8 17. Nd5 Bxd5 18. exd5 Nxd3+ 19. Qxd3 O-O 20. Kb1 Re8 21.
Rdg1 Rc4 22. Bc1 Qd7 23. h5 Rec8 24. Rg2 R8c7 25. Qf3 Bf8 26. Rf1 g6 27. h6 Qe8
28. Re2 Re7 29. Rxe7 Qxe7 30. Bd2 Re4 31. a3 Re5 32. Qg2 Qb7 33. Bc3 Qxd5 34.
Qxd5 Rxd5 35. Bf6 Rc5 36. Re1 Rc8 37. b4 d5 38. Rd1 Rc6 39. Rxd5 Rd6 40. Rxd6
Bxd6 41. c4 Kf8 42. Kb2 Ke8 43. Kb3 Kd7 44. a4 Kc6 45. axb5+ axb5 46. Kc3 Bf4
47. Kd3 Bd6 48. Kc3 Bg3 49. Kd4 Bd6 50. Kc3 1/2-1/2

[Event "Croacia ch 2008"]
[Site "Split CRO"]
[Date "2008.01.24"]
[Round "8.4"]
[White "Cvitan, Ognjen"]
[Black "Kurajica, Bojan"]
[Result "1/2-1/2"]
[WhiteElo "2535"]
[BlackElo "2556"]
[PlyCount "33"]
[EventDate "2008.01.16"]
[EventType "tourn"]
[EventRounds "13"]
[EventCountry "CRO"]
[EventCategory "12"]
[Source "lmi"]
[SourceDate "2008.01.16"]

1. Nf3 Nf6 2. g3 d5 3. Bg2 c6 4. O-O Bg4 5. d4 Nbd7 6. Nbd2 e6 7. Re1 Be7 8. c3
O-O 9. e4 dxe4 10. Nxe4 Nxe4 11. Rxe4 Nf6 12. Re1 Qb6 13. Qb3 Bxf3 14. Bxf3
Rfd8 15. Bf4 Nd5 16. Bd2 Bf6 17. Rad1 1/2-1/2

[Event "Croacia ch 2008"]
[Site "Split CRO"]
[Date "2008.01.24"]
[Round "8.5"]
[White "Zelcic, Robert"]
[Black "Dizdar, Goran"]
[Result "1-0"]
[WhiteElo "2587"]
[BlackElo "2564"]
[PlyCount "121"]
[EventDate "2008.01.16"]
[EventType "tourn"]
[EventRounds "13"]
[EventCountry "CRO"]
[EventCategory "12"]
[Source "lmi"]
[SourceDate "2008.01.16"]

1. e4 e6 2. d4 d5 3. Nc3 Nf6 4. e5 Nfd7 5. f4 c5 6. Nf3 Nc6 7. Be3 Be7 8. Qd2
O-O 9. Be2 a6 10. O-O b5 11. a3 Qb6 12. Rad1 Bb7 13. Qe1 cxd4 14. Nxd4 Bc5 15.
Qf2 f6 16. exf6 Nxf6 17. Rd3 Nxd4 18. Bxd4 Rac8 19. Bxc5 Qxc5 20. Qxc5 Rxc5 21.
Rd4 Bc6 22. Bd3 Bd7 23. a4 bxa4 24. Nxa4 Ra5 25. b3 Rb8 26. Re1 Kf7 27. h3 Bxa4
28. Ra1 Ne4 29. Bxe4 dxe4 30. Raxa4 Rxa4 31. Rxa4 Rc8 32. c4 Rc6 33. Kf2 Rd6
34. Ke3 Rd3+ 35. Kxe4 Rxb3 36. Rxa6 h5 37. Ra2 Rc3 38. Kd4 Rc1 39. Ra3 h4 40.
c5 Ke7 41. Rc3 Rd1+ 42. Ke3 Re1+ 43. Kf2 Ra1 44. c6 Kd8 45. Re3 Ke7 46. f5 Ra5
47. Rxe6+ Kf7 48. Ke3 Rxf5 49. Rd6 g5 50. Kd4 Rf2 51. Kd3 Rf1 52. Kc2 Ke7 53.
c7 Rf8 54. Rd4 Rc8 55. Rc4 Ke6 56. Kd3 Ke5 57. Ke3 Kd5 58. Rc1 Ke5 59. Kf3 Kf5
60. Rc5+ Kg6 61. Ke4 1-0

[Event "Croacia ch 2008"]
[Site "Split CRO"]
[Date "2008.01.25"]
[Round "9.1"]
[White "Dizdar, Goran"]
[Black "Stevic, Hrvoje"]
[Result "1/2-1/2"]
[WhiteElo "2564"]
[BlackElo "2531"]
[PlyCount "47"]
[EventDate "2008.01.16"]
[EventType "tourn"]
[EventRounds "13"]
[EventCountry "CRO"]
[EventCategory "12"]
[Source "lmi"]
[SourceDate "2008.01.16"]

1. d4 Nf6 2. c4 g6 3. Nf3 Bg7 4. g3 O-O 5. Bg2 c6 6. Nc3 d5 7. cxd5 cxd5 8. Ne5
e6 9. Bg5 Qb6 10. Qd2 Nfd7 11. Be3 Nxe5 12. dxe5 Qb4 13. a3 Qb3 14. f4 Nc6 15.
O-O Rd8 16. Na2 b6 17. Nc1 Qb5 18. b4 a5 19. Qd3 Ba6 20. Qxb5 Bxb5 21. Bxb6
Rdb8 22. bxa5 Bf8 23. a4 Bc4 24. Nd3 1/2-1/2

[Event "Croacia ch 2008"]
[Site "Split CRO"]
[Date "2008.01.25"]
[Round "9.4"]
[White "Jovanovic, Zoran"]
[Black "Brkic, Ante"]
[Result "1-0"]
[WhiteElo "2525"]
[BlackElo "2558"]
[PlyCount "81"]
[EventDate "2008.01.16"]
[EventType "tourn"]
[EventRounds "13"]
[EventCountry "CRO"]
[EventCategory "12"]
[Source "lmi"]
[SourceDate "2008.01.16"]

1. e4 c5 2. Nf3 e6 3. Nc3 a6 4. d4 cxd4 5. Nxd4 d6 6. f4 Nf6 7. Qf3 Qb6 8. Nb3
Qc7 9. g4 b5 10. a3 Bb7 11. g5 Nfd7 12. Be3 Nc6 13. Bg2 Nb6 14. O-O Nc4 15. Bc1
g6 16. Qh3 Ne7 17. Ne2 Bg7 18. c3 O-O 19. Nbd4 e5 20. f5 Bc8 21. Qg3 exd4 22.
f6 Bh8 23. cxd4 Nc6 24. b3 Nb6 25. Bf4 Rd8 26. Rac1 Qd7 27. d5 Ne5 28. Bxe5
dxe5 29. Qxe5 Re8 30. Qd4 Rb8 31. e5 Qg4 32. Qxg4 Bxg4 33. Nd4 Kf8 34. h3 Bf5
35. Rfe1 Rbd8 36. e6 fxe6 37. Nxe6+ Bxe6 38. dxe6 Rd6 39. Rc6 Nc8 40. Rxd6 Nxd6
41. e7+ 1-0

[Event "Croacia ch 2008"]
[Site "Split CRO"]
[Date "2008.01.25"]
[Round "9.5"]
[White "Rezan, Sasa"]
[Black "Palac, Mladen"]
[Result "1/2-1/2"]
[WhiteElo "2390"]
[BlackElo "2575"]
[PlyCount "98"]
[EventDate "2008.01.16"]
[EventType "tourn"]
[EventRounds "13"]
[EventCountry "CRO"]
[EventCategory "12"]
[Source "lmi"]
[SourceDate "2008.01.16"]

1. d4 Nf6 2. c4 e6 3. Nc3 Bb4 4. Qc2 O-O 5. Bg5 h6 6. Bh4 c5 7. e3 cxd4 8. exd4
Nc6 9. Nf3 d5 10. Rd1 Be7 11. a3 b6 12. cxd5 Nxd5 13. Bb5 Nxc3 14. Qxc3 Bxh4
15. Qxc6 Rb8 16. Qe4 Bf6 17. Ne5 Bb7 18. Bc6 Qc7 19. Bxb7 Qxb7 20. Qxb7 Rxb7
21. Ke2 Rc8 22. Rc1 Rbc7 23. Rxc7 Rxc7 24. Kd3 Bxe5 25. dxe5 g5 26. g3 Kg7 27.
h4 Rd7+ 28. Kc3 g4 29. h5 f5 30. exf6+ Kxf6 31. Re1 Kf5 32. Re2 e5 33. Kc4 a6
34. Kc3 Rd1 35. Kc2 Rh1 36. Kd3 Rxh5 37. Rc2 Rg5 38. Rc8 Rg6 39. Ke3 Rf6 40.
Re8 h5 41. a4 Kg6 42. Rxe5 Rf3+ 43. Ke2 Rb3 44. a5 Rxb2+ 45. Ke3 Rb3+ 46. Ke2
bxa5 47. Rxa5 Rb2+ 48. Ke3 Rb6 49. Ke2 Rb8 1/2-1/2

[Event "Croacia ch 2008"]
[Site "Split CRO"]
[Date "2008.01.25"]
[Round "9.6"]
[White "Hulak, Krunoslav"]
[Black "Saric, Ivan"]
[Result "1/2-1/2"]
[WhiteElo "2552"]
[BlackElo "2482"]
[PlyCount "145"]
[EventDate "2008.01.16"]
[EventType "tourn"]
[EventRounds "13"]
[EventCountry "CRO"]
[EventCategory "12"]
[Source "lmi"]
[SourceDate "2008.01.16"]

1. d4 Nf6 2. c4 g6 3. g3 Bg7 4. Bg2 d5 5. cxd5 Nxd5 6. e4 Nb6 7. Ne2 c5 8. d5
e6 9. O-O O-O 10. Nec3 Na6 11. Na3 exd5 12. exd5 Bf5 13. Be3 Qd7 14. Re1 Rfe8
15. Qd2 Nc8 16. Nab5 Nd6 17. Nxd6 Qxd6 18. Bf4 Qd7 19. d6 Nb4 20. Nd5 Nxd5 21.
Bxd5 Bd4 22. h4 h6 23. Rxe8+ Rxe8 24. Re1 Rxe1+ 25. Qxe1 b6 26. b3 Kg7 27. Qe7
Qxe7 28. dxe7 Bd7 29. Bb8 a6 30. Bc7 b5 31. Bb7 f5 32. Bf4 a5 33. Bd5 Kf6 34.
Bd6 Be8 35. Kg2 g5 36. hxg5+ hxg5 37. f3 Bd7 38. g4 f4 39. Kf1 Be8 40. Ke2 Bd7
41. Kd3 Be8 42. a3 Be3 43. Kc2 Bd4 44. Kb1 Be3 45. Ka2 Bd4 46. Kb1 Be3 47. Kc2
Bd4 48. Kd2 Be3+ 49. Kd3 Bf2 50. Bg8 Bg6+ 51. Ke2 Be3 52. a4 bxa4 53. bxa4 Be8
54. Bb3 c4 55. Bxc4 Bxa4 56. Kd3 Bc6 57. Bd5 Be8 58. Bg8 Bf2 59. Kc4 Be1 60.
Kd5 Bc3 61. Ba3 Ba1 62. Be6 Bc3 63. Bg8 Ba1 64. Bh7 Bc3 65. Bc2 Ba1 66. Bd6 Bb2
67. Bb1 Bc3 68. Ba2 Bb2 69. Bc5 Bc3 70. Ba3 Ba1 71. Bb3 Bc3 72. Bc4 Ba1 73. Ba2
1/2-1/2

[Event "Croacia ch 2008"]
[Site "Split CRO"]
[Date "2008.01.26"]
[Round "10.1"]
[White "Palac, Mladen"]
[Black "Hulak, Krunoslav"]
[Result "1/2-1/2"]
[WhiteElo "2575"]
[BlackElo "2552"]
[PlyCount "22"]
[EventDate "2008.01.16"]
[EventType "tourn"]
[EventRounds "13"]
[EventCountry "CRO"]
[EventCategory "12"]
[Source "lmi"]
[SourceDate "2008.01.16"]

1. b3 b6 2. Bb2 Bb7 3. f4 f5 4. Nf3 Nf6 5. e3 e6 6. Be2 Be7 7. O-O O-O 8. c4 c5
9. Nc3 Nc6 10. d3 d6 11. a3 a6 1/2-1/2

[Event "Croacia ch 2008"]
[Site "Split CRO"]
[Date "2008.01.26"]
[Round "10.2"]
[White "Brkic, Ante"]
[Black "Rezan, Sasa"]
[Result "1-0"]
[WhiteElo "2558"]
[BlackElo "2390"]
[PlyCount "71"]
[EventDate "2008.01.16"]
[EventType "tourn"]
[EventRounds "13"]
[EventCountry "CRO"]
[EventCategory "12"]
[Source "lmi"]
[SourceDate "2008.01.16"]

1. e4 c5 2. Nf3 e6 3. d4 cxd4 4. Nxd4 Nf6 5. Nc3 d6 6. Be3 a6 7. f3 b5 8. Qd2
b4 9. Na4 Nbd7 10. c4 bxc3 11. Nxc3 Bb7 12. Be2 Be7 13. O-O O-O 14. Rac1 Qb8
15. Rfd1 Rd8 16. Bf2 g6 17. Qc2 Rc8 18. Qa4 d5 19. exd5 Nb6 20. Qa5 Nbxd5 21.
Nxd5 Nxd5 22. Rxc8+ Qxc8 23. a3 e5 24. Nb3 Qc2 25. Rxd5 Bxd5 26. Qxd5 Rd8 27.
Qxe5 Bf8 28. Bd4 Rxd4 29. Nxd4 Qxb2 30. g3 h6 31. Kg2 Kh7 32. Qe8 Bg7 33. Nc6
h5 34. a4 Qa2 35. Qe4 h4 36. Qxh4+ 1-0

[Event "Croacia ch 2008"]
[Site "Split CRO"]
[Date "2008.01.26"]
[Round "10.3"]
[White "Cvitan, Ognjen"]
[Black "Jovanovic, Zoran"]
[Result "1-0"]
[WhiteElo "2535"]
[BlackElo "2525"]
[PlyCount "107"]
[EventDate "2008.01.16"]
[EventType "tourn"]
[EventRounds "13"]
[EventCountry "CRO"]
[EventCategory "12"]
[Source "lmi"]
[SourceDate "2008.01.16"]

1. c4 c5 2. Nf3 Nc6 3. d4 cxd4 4. Nxd4 e6 5. Nc3 Nf6 6. a3 d5 7. cxd5 exd5 8.
Bg5 Be7 9. e3 O-O 10. Be2 Qb6 11. Na4 Qa5+ 12. b4 Qd8 13. O-O Ne4 14. Bxe7 Qxe7
15. Rc1 Ne5 16. Nc3 Nxc3 17. Rxc3 a5 18. bxa5 Rxa5 19. Qb3 Nc6 20. Rd1 Nxd4 21.
Rxd4 Be6 22. h4 Rfa8 23. a4 h6 24. Bb5 Rb8 25. Qb4 Qxb4 26. Rxb4 g5 27. hxg5
hxg5 28. Rc7 Kg7 29. f4 Kf6 30. Kf2 gxf4 31. exf4 Bf5 32. Be2 Rc8 33. Rcxb7 Rc2
34. Ke3 Rac5 35. R7b6+ Kg7 36. Rb2 R5c3+ 37. Kd4 Ra3 38. Rxc2 Bxc2 39. Bb5 Bd1
40. Ra6 Ra2 41. a5 Rxg2 42. Rd6 Be2 43. Bxe2 Rxe2 44. Kxd5 Rf2 45. a6 Rxf4 46.
Kc6 Re4 47. a7 Re8 48. Kb7 f6 49. Ra6 Kg6 50. a8=Q Rxa8 51. Rxa8 Kf5 52. Kc6
Ke4 53. Re8+ Kd4 54. Rf8 1-0

[Event "Croacia ch 2008"]
[Site "Split CRO"]
[Date "2008.01.26"]
[Round "10.4"]
[White "Zelcic, Robert"]
[Black "Jankovic, Alojzije"]
[Result "0-1"]
[WhiteElo "2587"]
[BlackElo "2541"]
[PlyCount "92"]
[EventDate "2008.01.16"]
[EventType "tourn"]
[EventRounds "13"]
[EventCountry "CRO"]
[EventCategory "12"]
[Source "lmi"]
[SourceDate "2008.01.16"]

1. e4 c5 2. Nf3 d6 3. d4 cxd4 4. Nxd4 Nf6 5. Nc3 Nc6 6. Bg5 e6 7. Qd2 a6 8.
O-O-O Bd7 9. f4 b5 10. Qe3 Qb6 11. e5 dxe5 12. fxe5 Ng4 13. Qg3 Ngxe5 14. Nxc6
Nxc6 15. Ne4 Rc8 16. Kb1 Qc7 17. Bf4 e5 18. Bg5 Be6 19. Bd3 Qa5 20. Nc3 b4 21.
Be4 bxc3 22. Bxc6+ Rxc6 23. Rd8+ Qxd8 24. Bxd8 Kxd8 25. Rd1+ Rd6 26. Re1 f6 27.
Qxc3 Ke8 28. Qf3 Bd5 29. Qf2 Be7 30. b3 e4 31. Qf5 Kf7 32. g4 g6 33. Qf4 Rhd8
34. h4 Bc6 35. Kb2 Rd1 36. Re2 Bd6 37. Qe3 Be5+ 38. Ka3 Bd6+ 39. Kb2 Be5+ 40.
Ka3 a5 41. Qb6 Rc8 42. c4 Bd4 43. c5 Rc1 44. Qa6 Bxc5+ 45. Kb2 Bd4+ 46. Kxc1
Bb7+ 0-1

[Event "Croacia ch 2008"]
[Site "Split CRO"]
[Date "2008.01.26"]
[Round "10.6"]
[White "Kozul, Zdenko"]
[Black "Dizdar, Goran"]
[Result "1/2-1/2"]
[WhiteElo "2600"]
[BlackElo "2564"]
[PlyCount "48"]
[EventDate "2008.01.16"]
[EventType "tourn"]
[EventRounds "13"]
[EventCountry "CRO"]
[EventCategory "12"]
[Source "lmi"]
[SourceDate "2008.01.16"]

1. d4 d5 2. c4 e6 3. Nf3 Nf6 4. g3 Bb4+ 5. Nc3 O-O 6. Bg2 dxc4 7. O-O Nc6 8.
Bg5 h6 9. Bxf6 Qxf6 10. e3 Rd8 11. Qa4 Bd7 12. Qc2 Bd6 13. Rfd1 Rac8 14. Qe2 e5
15. Qxc4 exd4 16. Nxd4 Nxd4 17. Rxd4 Be5 18. Rxd7 Rxd7 19. Bh3 Rcd8 20. Bxd7
Rxd7 21. Ne4 Qe7 22. Rf1 c6 23. b3 Rd5 24. Qc2 Qd8 1/2-1/2

[Event "Croacia ch 2008"]
[Site "Split CRO"]
[Date "2008.01.27"]
[Round "11.1"]
[White "Kurajica, Bojan"]
[Black "Kozul, Zdenko"]
[Result "0-1"]
[WhiteElo "2556"]
[BlackElo "2600"]
[PlyCount "128"]
[EventDate "2008.01.16"]
[EventType "tourn"]
[EventRounds "13"]
[EventCountry "CRO"]
[EventCategory "12"]
[Source "lmi"]
[SourceDate "2008.01.16"]

1. d4 Nf6 2. Nf3 g6 3. g3 d5 4. Bg2 Bg7 5. O-O O-O 6. Ne5 Na6 7. Nc3 c5 8. Be3
Be6 9. Nb5 Qc8 10. a4 Rd8 11. c3 Bh3 12. Bf4 Bxg2 13. Kxg2 Ne8 14. h4 Nb8 15.
Nf3 Nd7 16. h5 Qc6 17. hxg6 hxg6 18. Rh1 a6 19. Na3 cxd4 20. cxd4 Rac8 21. Rh3
Qe6 22. Ng5 Qf5 23. e4 dxe4 24. Nc2 Rxc2 25. Qxc2 Ndf6 26. Re1 Rxd4 27. Qb3 Nd5
28. Qxb7 e5 29. Bc1 e3 30. Bxe3 Nxe3+ 31. Rxe3 Qxg5 32. Rf3 f5 33. Qxa6 Qf6 34.
Qc8 Qd8 35. Qc6 Kf7 36. Rh4 Rd6 37. Qc4+ Re6 38. Rd3 Nd6 39. Qd5 e4 40. Rd2 g5
41. Rh1 Qc8 42. Rhd1 Be5 43. Rh1 Bg7 44. Rhd1 Kf6 45. Qb3 Nf7 46. Rc2 Qa8 47.
Qd5 Qxa4 48. Rc7 Qe8 49. g4 fxg4 50. Rc5 Bf8 51. Qf5+ Kg7 52. Rc7 Bd6 53. Rb7
Rf6 54. Qxg5+ Rg6 55. Qb5 Qf8 56. Rd5 g3 57. Rf5 gxf2+ 58. Kxf2 Rf6 59. Ke3 Be7
60. Rxf6 Kxf6 61. Qd5 Nd6 62. Rb6 Qh6+ 63. Ke2 Qh2+ 64. Kf1 Qh1+ 0-1

[Event "Croacia ch 2008"]
[Site "Split CRO"]
[Date "2008.01.27"]
[Round "11.2"]
[White "Jankovic, Alojzije"]
[Black "Stevic, Hrvoje"]
[Result "0-1"]
[WhiteElo "2541"]
[BlackElo "2531"]
[PlyCount "106"]
[EventDate "2008.01.16"]
[EventType "tourn"]
[EventRounds "13"]
[EventCountry "CRO"]
[EventCategory "12"]
[Source "lmi"]
[SourceDate "2008.01.16"]

1. d4 d5 2. c4 dxc4 3. e4 e5 4. Nf3 exd4 5. Bxc4 Bb4+ 6. Bd2 Bxd2+ 7. Nbxd2 Qf6
8. Nb3 Nc6 9. Bb5 Nge7 10. Qxd4 Qxd4 11. Nfxd4 Bd7 12. Nc5 O-O-O 13. O-O-O Be8
14. Ne2 Rxd1+ 15. Rxd1 Ne5 16. Bxe8 Rxe8 17. f4 N5c6 18. Kd2 Rd8+ 19. Ke1 Rxd1+
20. Kxd1 b6 21. Nd3 Kd7 22. Kd2 f5 23. Ke3 Ke6 24. g4 fxg4 25. f5+ Kf7 26. Kf4
g6 27. Kxg4 Kf6 28. Nef4 gxf5+ 29. exf5 Ne5+ 30. Nxe5 Kxe5 31. Ne6 c5 32. Ng5
Nxf5 33. Nxh7 Ne3+ 34. Kg5 c4 35. Nf6 Nd1 36. Ng4+ Kd4 37. Kf4 Nxb2 38. Ne3 c3
39. h4 Nd3+ 40. Kf3 Ne1+ 41. Ke2 c2 42. Kd2 Nf3+ 43. Kxc2 Kxe3 44. h5 Kd4 45.
h6 Ng5 46. Kd2 b5 47. Kc2 a5 48. Kd2 b4 49. Kc2 a4 50. Kd2 b3 51. Kc1 Kc3 52.
Kb1 b2 53. a3 Ne4 0-1

[Event "Croacia ch 2008"]
[Site "Split CRO"]
[Date "2008.01.27"]
[Round "11.3"]
[White "Jovanovic, Zoran"]
[Black "Zelcic, Robert"]
[Result "1/2-1/2"]
[WhiteElo "2525"]
[BlackElo "2587"]
[PlyCount "107"]
[EventDate "2008.01.16"]
[EventType "tourn"]
[EventRounds "13"]
[EventCountry "CRO"]
[EventCategory "12"]
[Source "lmi"]
[SourceDate "2008.01.16"]

1. e4 c6 2. Nc3 d5 3. d3 g6 4. g3 Bg7 5. Bg2 dxe4 6. Nxe4 Nf6 7. Nxf6+ Bxf6 8.
Nf3 O-O 9. O-O c5 10. Re1 Nc6 11. Ng5 Qc7 12. Ne4 Bg7 13. Nxc5 Nd4 14. Be3 Qxc5
15. c3 Qb5 16. Bxd4 Bxd4 17. cxd4 Qxb2 18. Rxe7 Qxd4 19. Bxb7 Bxb7 20. Rxb7 a5
21. Rc1 Rad8 22. Rb5 Rd5 23. Qb3 Rxb5 24. Qxb5 a4 25. Qc4 Qb2 26. Rc2 Qb1+ 27.
Rc1 Qb2 28. Rc2 Qb1+ 29. Kg2 a3 30. Rc3 Qb7+ 31. Qc6 Qb2 32. Rc2 Qb4 33. h4 Rd8
34. Qe4 Qb5 35. d4 Re8 36. Qf3 Qb1 37. Re2 Rxe2 38. Qxe2 Qb7+ 39. Qf3 Qb4 40.
Qd5 h5 41. Qc5 Qa4 42. Qc8+ Kg7 43. Qc3 Kg8 44. Qd3 Kf8 45. Kg1 Qb4 46. Kg2 Ke7
47. Qe4+ Kf8 48. Qd5 Kg8 49. Qc5 Qa4 50. Kh2 Qa6 51. Kg1 Qd3 52. Qd5 Qc3 53.
Kg2 Qb4 54. Qc5 1/2-1/2